[Event "Olomouc Chess Summer 2022 - D"]
[Site "Olomouc (CZE), Hotel Flora"]
[Date "2022.08.20"]
[Round "9"]
[Board "1"]
[White "Vrana, Frantisek"]
[Black "Nemec, Pavel"]
[Result "1-0"]
[WhiteElo "2214"]
[BlackElo "2159"]
[PlyCount "0"]
[EventDate "2022.08.13"]
[EventRounds "9"]
[EventCountry "CZE"]

1. d4 {[%clk 1:30:51]} Nf6 {[%clk 1:30:50]} 2. Nf3 {[%clk 1:31:08]} g6
{[%clk 1:31:11]} 3. Bf4 {[%clk 1:31:00]} Bg7 {[%clk 1:31:27]} 4. e3
{[%clk 1:31:08]} O-O {[%clk 1:30:54]} 5. Be2 {[%clk 1:30:49]} d5 {[%clk 1:29:58]}
6. O-O {[%clk 1:29:18]} c5 {[%clk 1:26:31]} 7. c3 {[%clk 1:28:58]} Nc6
{[%clk 1:26:42]} 8. h3 {[%clk 1:29:26]} Qb6 {[%clk 1:26:58]} 9. Qb3
{[%clk 1:27:31]} Qxb3 {[%clk 1:00:33]} 10. axb3 {[%clk 1:26:56]} cxd4
{[%clk 1:00:49]} 11. exd4 {[%clk 1:27:00]} Bf5 {[%clk 0:59:42]} 12. b4
{[%clk 1:26:39]} a6 {[%clk 0:59:26]} 13. Nbd2 h6 {[%clk 0:57:31]} 14. Nb3
{[%clk 1:26:54]} g5 {[%clk 0:57:36]} 15. Bh2 {[%clk 1:26:56]} Nd7
{[%clk 0:56:53]} 16. Na5 {[%clk 1:25:55]} Nxa5 {[%clk 0:56:45]} 17. Rxa5
{[%clk 1:26:18]} Be6 {[%clk 0:53:47]} 18. Rfa1 {[%clk 1:24:39]} Rac8
{[%clk 0:50:19]} 19. Nd2 {[%clk 1:23:46]} f5 {[%clk 0:45:08]} 20. Bf3
{[%clk 1:22:51]} Nb6 {[%clk 0:41:45]} 21. Re1 {[%clk 1:19:18]} Rc6
{[%clk 0:40:10]} 22. Rc5 {[%clk 1:18:05]} Rfc8 {[%clk 0:35:38]} 23. Rxe6
{[%clk 1:17:44]} Rxe6 {[%clk 0:36:01]} 24. Rxc8+ {[%clk 1:18:09]} Nxc8
{[%clk 0:35:43]} 25. Bxd5 {[%clk 1:18:36]} Kf7 {[%clk 0:36:03]} 26. Be5
{[%clk 1:16:13]} Bxe5 {[%clk 0:29:34]} 27. dxe5 {[%clk 1:16:37]} b5
{[%clk 0:29:53]} 28. g3 {[%clk 1:13:49]} Nb6 {[%clk 0:29:55]} 29. Bb3
{[%clk 1:14:01]} Na4 {[%clk 0:25:18]} 30. f4 {[%clk 1:09:59]} Nxb2
{[%clk 0:25:26]} 31. g4 {[%clk 1:07:25]} Nc4 {[%clk 0:23:56]} 32. Nxc4
{[%clk 1:07:18]} Rg6 {[%clk 0:24:19]} 33. gxf5 {[%clk 1:01:32]} Rg7
{[%clk 0:24:30]} 34. Nd6+ {[%clk 0:57:37]} Kf8 {[%clk 0:24:52]} 35. Ne4
{[%clk 0:57:58]} gxf4+ {[%clk 0:22:31]} 36. Kf2 {[%clk 0:58:20]} f3
{[%clk 0:21:19]} 37. Ng3 {[%clk 0:58:34]} h5 {[%clk 0:17:50]} 38. Nxh5
{[%clk 0:56:38]} Rg2+ {[%clk 0:17:38]} 39. Kxf3 {[%clk 0:56:45]} Rb2
{[%clk 0:17:50]} 40. Bd5 {[%clk 0:53:16]} Rc2 {[%clk 0:18:10]} 41. f6
{[%clk 0:53:27]} Rxc3+ {[%clk 0:18:19]} 42. Kg4 {[%clk 0:53:43]} Rd3
{[%clk 0:16:41]} 43. Nf4 {[%clk 0:53:40]} exf6 {[%clk 0:16:06]} 44. exf6
{[%clk 0:53:59]} Rd1 {[%clk 0:14:56]} 45. Ng6+ {[%clk 0:54:00]}  1-0

[Event "Olomouc Chess Summer 2022 - D"]
[Site "Olomouc (CZE), Hotel Flora"]
[Date "2022.08.20"]
[Round "9"]
[Board "2"]
[White "Bartos, Jan"]
[Black "Stigar, Petter"]
[Result "1-0"]
[WhiteElo "2137"]
[BlackElo "2212"]
[PlyCount "0"]
[EventDate "2022.08.13"]
[EventRounds "9"]
[EventCountry "CZE"]

1. d4 {[%clk 1:30:57]} d5 {[%clk 1:30:23]} 2. Nf3 {[%clk 1:31:22]} Nf6
{[%clk 1:30:23]} 3. c4 {[%clk 1:31:48]} dxc4 {[%clk 1:30:30]} 4. e3
{[%clk 1:32:13]} b5 {[%clk 1:30:30]} 5. a4 {[%clk 1:31:45]} b4 {[%clk 1:30:49]}
6. Bxc4 {[%clk 1:32:05]} e6 {[%clk 1:31:08]} 7. a5 {[%clk 1:31:26]} a6
{[%clk 1:31:05]} 8. O-O {[%clk 1:31:32]} Be7 {[%clk 1:31:20]} 9. Ne5
{[%clk 1:29:00]} O-O {[%clk 1:28:54]} 10. Qb3 {[%clk 1:28:38]} Qd6
{[%clk 1:18:57]} 11. Bd2 {[%clk 1:23:30]} Nbd7 {[%clk 1:08:19]} 12. Nd3
{[%clk 1:20:24]} Rb8 {[%clk 1:04:52]} 13. Rc1 {[%clk 1:18:40]} e5
{[%clk 0:48:14]} 14. dxe5 {[%clk 1:13:19]} Nxe5 {[%clk 0:46:36]} 15. Nxe5
{[%clk 1:13:17]} Qxe5 {[%clk 0:46:41]} 16. f4 {[%clk 1:08:36]} Qh5
{[%clk 0:44:08]} 17. Bd3 {[%clk 1:04:10]} Bd6 {[%clk 0:35:20]} 18. Qd1
{[%clk 1:01:49]} Qd5 {[%clk 0:29:52]} 19. Qf1 {[%clk 0:53:35]} Qb3
{[%clk 0:25:09]} 20. Bc4 {[%clk 0:52:26]} Qxb2 {[%clk 0:25:37]} 21. Ra2
{[%clk 0:52:45]} Qxa2 {[%clk 0:25:46]} 22. Bxa2 {[%clk 0:53:08]} b3
{[%clk 0:26:11]} 23. Bxb3 {[%clk 0:46:27]} Rxb3 {[%clk 0:26:39]} 24. Nc3
{[%clk 0:45:21]} Rb2 {[%clk 0:26:03]} 25. Qe1 {[%clk 0:43:20]} Bf5
{[%clk 0:25:27]} 26. Nd1 {[%clk 0:38:58]} Rb3 {[%clk 0:22:37]} 27. Nf2
{[%clk 0:36:00]} Re8 {[%clk 0:22:33]} 28. Qd1 {[%clk 0:35:23]} Rb5
{[%clk 0:19:56]} 29. g4 {[%clk 0:34:35]} Bd7 {[%clk 0:19:45]} 30. Qf3
{[%clk 0:28:36]} h6 {[%clk 0:18:24]} 31. h4 {[%clk 0:20:28]} Bc8 {[%clk 0:15:43]}
32. g5 {[%clk 0:16:08]} hxg5 {[%clk 0:15:54]} 33. hxg5 {[%clk 0:16:32]} Bb7
{[%clk 0:16:17]} 34. Qh3 {[%clk 0:16:12]} Ne4 {[%clk 0:16:29]} 35. Qd7
{[%clk 0:14:04]} Rb8 {[%clk 0:15:12]} 36. Nxe4 {[%clk 0:09:35]} Bxe4
{[%clk 0:15:38]} 37. Bc3 {[%clk 0:08:25]} Rc5 {[%clk 0:13:12]} 38. Qa4
{[%clk 0:08:17]} Bc6 {[%clk 0:07:33]} 39. Qa1 {[%clk 0:07:10]} Be4
{[%clk 0:06:35]} 40. Kf2 {[%clk 0:05:32]} Rbb5 {[%clk 0:05:56]} 41. Bd2
{[%clk 0:30:25]} Rd5 {[%clk 0:35:18]} 42. Bc3 {[%clk 0:29:29]} Rdc5
{[%clk 0:32:24]} 43. Qa4 {[%clk 0:27:32]} Bc6 {[%clk 0:32:11]} 44. Qd4
{[%clk 0:26:47]} Bf8 {[%clk 0:32:31]} 45. Rg1 {[%clk 0:22:42]} Rd5
{[%clk 0:30:39]} 46. Qc4 {[%clk 0:22:16]} Rbc5 {[%clk 0:27:17]} 47. Qb3
{[%clk 0:20:41]} Rd3 {[%clk 0:26:28]} 48. Rc1 {[%clk 0:20:29]} Bd5
{[%clk 0:17:47]} 49. Qb2 {[%clk 0:19:17]} Be4 {[%clk 0:15:30]} 50. Qa1
{[%clk 0:11:27]} Rc4 {[%clk 0:04:31]} 51. Be1 {[%clk 0:11:12]} Bd5
{[%clk 0:02:30]} 52. Rxc4 {[%clk 0:10:21]} Bxc4 {[%clk 0:02:58]} 53. Qc1
{[%clk 0:10:18]}  1-0

[Event "Olomouc Chess Summer 2022 - D"]
[Site "Olomouc (CZE), Hotel Flora"]
[Date "2022.08.20"]
[Round "9"]
[Board "3"]
[White "Sejkora, Vlastimil"]
[Black "Johnsen, Gunnar"]
[Result "1-0"]
[WhiteElo "2151"]
[BlackElo "2137"]
[PlyCount "0"]
[EventDate "2022.08.13"]
[EventRounds "9"]
[EventCountry "CZE"]

1. c4 {[%clk 1:30:57]} f5 {[%clk 1:29:57]} 2. e4 {[%clk 1:31:25]} fxe4
{[%clk 1:30:18]} 3. d3 {[%clk 1:31:54]} Nc6 {[%clk 1:30:33]} 4. Nc3
{[%clk 1:31:58]} e5 {[%clk 1:30:17]} 5. dxe4 Nf6 {[%clk 1:30:30]} 6. Nf3
{[%clk 1:27:26]} Bb4 {[%clk 1:25:19]} 7. Bd3 {[%clk 1:15:44]} Bxc3+
{[%clk 1:23:10]} 8. bxc3 {[%clk 1:14:47]} d6 {[%clk 1:20:21]} 9. c5
{[%clk 1:06:09]} dxc5 {[%clk 1:18:05]} 10. Ba3 {[%clk 1:06:09]} b6
{[%clk 1:05:51]} 11. Bb5 {[%clk 1:03:36]} Bd7 {[%clk 1:05:36]} 12. Qa4 Na5
{[%clk 0:51:19]} 13. Nxe5 {[%clk 0:53:45]} Bxb5 {[%clk 0:50:49]} 14. Qxb5+
{[%clk 0:53:31]} c6 {[%clk 0:50:58]} 15. Qe2 {[%clk 0:47:19]} Qe7
{[%clk 0:45:50]} 16. f4 {[%clk 0:45:24]} Qe6 {[%clk 0:45:07]} 17. c4
{[%clk 0:41:52]} O-O-O {[%clk 0:42:20]} 18. Bb2 {[%clk 0:41:39]} Nd7
{[%clk 0:38:23]} 19. f5 {[%clk 0:36:14]} Qe7 {[%clk 0:32:02]} 20. Nf3
{[%clk 0:31:02]} Rhe8 {[%clk 0:24:21]} 21. e5 Qf7 {[%clk 0:20:23]} 22. e6
{[%clk 0:23:00]} Qxf5 {[%clk 0:20:28]} 23. exd7+ {[%clk 0:23:09]} Qxd7
{[%clk 0:20:13]} 24. Be5 {[%clk 0:23:24]} Qd3 {[%clk 0:18:53]} 25. Rc1
{[%clk 0:21:16]} Qxe2+ {[%clk 0:15:08]} 26. Kxe2 {[%clk 0:21:43]} Rxe5+
{[%clk 0:15:30]} 27. Nxe5 {[%clk 0:21:23]} Re8 {[%clk 0:15:53]} 28. Kd3
{[%clk 0:18:45]} Rxe5 {[%clk 0:15:40]} 29. Rce1 {[%clk 0:18:00]} Rxe1
{[%clk 0:15:49]} 30. Rxe1 {[%clk 0:18:29]} Kd7 {[%clk 0:16:06]} 31. Re3
{[%clk 0:18:47]} b5 {[%clk 0:16:04]} 32. cxb5 {[%clk 0:18:16]} cxb5
{[%clk 0:16:27]} 33. Rg3 {[%clk 0:18:33]} g6 {[%clk 0:16:41]} 34. Rh3
{[%clk 0:19:01]} h5 {[%clk 0:17:01]} 35. Rg3 {[%clk 0:19:09]} Nc6
{[%clk 0:16:51]} 36. Rg5 {[%clk 0:18:23]} Nb4+ {[%clk 0:16:20]} 37. Kd2
{[%clk 0:16:36]} Nxa2 {[%clk 0:16:17]} 38. Rxc5 {[%clk 0:16:48]} b4
{[%clk 0:10:58]} 39. Ra5 {[%clk 0:13:34]} Nc3 {[%clk 0:10:58]} 40. Rxa7+
{[%clk 0:13:54]} Ke6 {[%clk 0:11:13]} 41. Kd3 {[%clk 0:12:46]} Nd5
{[%clk 0:03:18]} 42. Ra6+ {[%clk 0:07:38]} Ke5 {[%clk 0:01:17]} 43. Ra5
{[%clk 0:07:42]} Ke6 {[%clk 0:01:28]} 44. g3 {[%clk 0:06:31]} Nf6
{[%clk 0:25:48]} 45. Rb5 {[%clk 0:35:28]} Nd5 {[%clk 0:17:10]} 46. Kd4
{[%clk 0:34:26]} Nf6 {[%clk 0:11:46]} 47. Rxb4 {[%clk 0:33:15]} Ng4
{[%clk 0:09:46]} 48. h3 {[%clk 0:32:54]} Nf2 {[%clk 0:09:54]} 49. h4
{[%clk 0:31:44]} Kf5 {[%clk 0:08:57]} 50. Rb6 {[%clk 0:22:01]} Nh1
{[%clk 0:08:54]} 51. Ke3 {[%clk 0:21:18]} Nxg3 {[%clk 0:08:00]} 52. Kf3
{[%clk 0:21:47]} Nf1 {[%clk 0:07:42]} 53. Rb5+ {[%clk 0:20:21]}  1-0

[Event "Olomouc Chess Summer 2022 - D"]
[Site "Olomouc (CZE), Hotel Flora"]
[Date "2022.08.20"]
[Round "9"]
[Board "4"]
[White "Kudrlicka, Ladislav"]
[Black "Lorenc, Oldrich"]
[Result "1/2-1/2"]
[WhiteElo "2003"]
[BlackElo "2111"]
[PlyCount "0"]
[EventDate "2022.08.13"]
[EventRounds "9"]
[EventCountry "CZE"]

1. d4 {[%clk 1:30:57]} g6 {[%clk 1:30:49]} 2. Nf3 {[%clk 1:30:27]} Bg7
{[%clk 1:31:10]} 3. c3 {[%clk 1:30:36]} d6 {[%clk 1:31:04]} 4. Bg5
{[%clk 1:29:32]} Nd7 {[%clk 1:30:52]} 5. e4 {[%clk 1:28:07]} h6 {[%clk 1:30:23]}
6. Be3 {[%clk 1:23:22]} c6 {[%clk 1:29:56]} 7. Nbd2 {[%clk 1:22:52]} Ngf6
{[%clk 1:29:42]} 8. h3 {[%clk 1:22:18]} Qc7 {[%clk 1:29:15]} 9. Be2
{[%clk 1:19:18]} e5 {[%clk 1:20:55]} 10. dxe5 {[%clk 1:16:07]} dxe5
{[%clk 1:19:54]} 11. O-O {[%clk 1:16:23]} O-O {[%clk 1:20:06]} 12. Re1
{[%clk 1:09:44]} Nb6 {[%clk 1:17:20]} 13. a4 {[%clk 1:05:46]} Be6
{[%clk 1:16:44]} 14. a5 {[%clk 1:05:59]} Nbd7 {[%clk 1:16:37]} 15. Qc2
{[%clk 1:06:13]} Nh5 {[%clk 1:15:10]} 16. Bf1 {[%clk 0:52:23]} Nf4
{[%clk 1:14:57]} 17. Kh2 {[%clk 0:51:14]} g5 {[%clk 1:14:58]} 18. g3
{[%clk 0:50:57]} Ng6 {[%clk 1:15:21]} 19. Bc4 {[%clk 0:50:26]} Rfe8
{[%clk 1:07:57]} 20. Bxe6 {[%clk 0:38:31]} Rxe6 {[%clk 1:06:55]} 21. Nc4
{[%clk 0:38:07]} Bf8 {[%clk 1:05:25]} 22. Red1 {[%clk 0:38:05]} Nf6
{[%clk 0:54:03]} 23. Qd2 {[%clk 0:26:21]} Ree8 {[%clk 0:36:36]} 24. Qd3
{[%clk 0:24:02]} c5 {[%clk 0:32:07]} 25. Nfd2 {[%clk 0:17:21]} Red8
{[%clk 0:28:17]} 26. Qe2 {[%clk 0:17:19]} b5 {[%clk 0:27:58]} 27. axb6
{[%clk 0:16:56]} axb6 {[%clk 0:28:20]} 28. Na3 {[%clk 0:16:36]} Qc6
{[%clk 0:27:29]} 29. f3 {[%clk 0:16:26]} Ra7 {[%clk 0:23:34]}  1/2-1/2

[Event "Olomouc Chess Summer 2022 - D"]
[Site "Olomouc (CZE), Hotel Flora"]
[Date "2022.08.20"]
[Round "9"]
[Board "5"]
[White "Pospisil, Evzen"]
[Black "Cap, Piotr"]
[Result "0-1"]
[WhiteElo "2045"]
[BlackElo "2025"]
[PlyCount "0"]
[EventDate "2022.08.13"]
[EventRounds "9"]
[EventCountry "CZE"]

1. d4 {[%clk 1:30:58]} d5 {[%clk 1:30:43]} 2. Nf3 {[%clk 1:31:22]} c6
{[%clk 1:30:57]} 3. g3 {[%clk 1:30:35]} Nf6 {[%clk 1:30:03]} 4. Bg2
{[%clk 1:30:56]} Bf5 {[%clk 1:29:33]} 5. Nbd2 {[%clk 1:30:53]} h6
{[%clk 1:28:12]} 6. O-O {[%clk 1:23:46]} e6 {[%clk 1:28:20]} 7. b3
{[%clk 1:23:00]} Be7 {[%clk 1:27:17]} 8. Bb2 {[%clk 1:23:19]} O-O
{[%clk 1:27:13]} 9. c4 {[%clk 1:23:03]} Ne4 {[%clk 1:17:48]} 10. Ne5
{[%clk 1:11:03]} Nxd2 {[%clk 1:14:24]} 11. Qxd2 {[%clk 1:10:39]} Nd7
{[%clk 1:14:27]} 12. g4 {[%clk 0:55:52]} Be4 {[%clk 1:06:24]} 13. Bxe4
{[%clk 0:51:02]} dxe4 {[%clk 1:05:28]} 14. Qf4 {[%clk 0:47:39]} f5
{[%clk 1:03:10]} 15. Ng6 {[%clk 0:41:11]} Bg5 {[%clk 0:52:17]} 16. Qd6
{[%clk 0:39:36]} Rf6 {[%clk 0:45:21]} 17. Ne5 {[%clk 0:37:48]} Nb6
{[%clk 0:36:27]} 18. Qxd8+ {[%clk 0:37:33]} Rxd8 {[%clk 0:36:34]} 19. e3
{[%clk 0:33:24]} fxg4 {[%clk 0:30:52]} 20. Nxg4 {[%clk 0:32:56]} Rf5
{[%clk 0:31:10]} 21. Kg2 {[%clk 0:30:35]} Rdf8 {[%clk 0:30:24]} 22. Ba3
{[%clk 0:29:21]} Rd8 {[%clk 0:27:49]} 23. f4 {[%clk 0:29:21]} exf3+
{[%clk 0:27:05]} 24. Rxf3 {[%clk 0:29:44]} h5 {[%clk 0:26:12]} 25. Nf2
{[%clk 0:28:08]} Rd7 {[%clk 0:22:15]} 26. Ne4 {[%clk 0:28:15]} Bh6
{[%clk 0:17:32]} 27. Nd6 {[%clk 0:23:32]} Rg5+ {[%clk 0:17:42]} 28. Kf2
{[%clk 0:23:47]} e5 {[%clk 0:16:09]} 29. Ne4 {[%clk 0:21:52]} Rg4
{[%clk 0:14:29]} 30. Rf8+ {[%clk 0:20:53]} Kh7 {[%clk 0:14:31]} 31. Nc5
{[%clk 0:20:20]} exd4 {[%clk 0:14:06]} 32. Nxd7 {[%clk 0:19:47]} dxe3+
{[%clk 0:13:48]} 33. Kf1 {[%clk 0:16:45]} Nxd7 {[%clk 0:13:38]} 34. Re8
{[%clk 0:15:11]} Rf4+ {[%clk 0:12:51]} 35. Ke1 {[%clk 0:14:13]} Rf2
{[%clk 0:11:52]} 36. Bd6 {[%clk 0:12:15]} Rg2 {[%clk 0:10:11]} 37. Kf1
{[%clk 0:10:56]} Rf2+ {[%clk 0:10:07]} 38. Kg1 {[%clk 0:10:09]} Rd2
{[%clk 0:10:19]} 39. Bb4 {[%clk 0:10:26]} Rc2 {[%clk 0:07:27]} 40. Re7
{[%clk 0:07:00]} Nf6 {[%clk 0:07:37]} 41. Rxb7 {[%clk 0:05:39]} Bf4
{[%clk 0:02:56]} 42. Bf8 {[%clk 0:26:52]} Bxh2+ {[%clk 0:29:41]} 43. Kf1
{[%clk 0:21:15]} Ne4 {[%clk 0:18:31]} 44. Rxg7+ {[%clk 0:17:21]} Kh8
{[%clk 0:18:44]} 45. Re1 {[%clk 0:11:39]} Rf2# {[%clk 0:18:33]}  0-1

[Event "Olomouc Chess Summer 2022 - D"]
[Site "Olomouc (CZE), Hotel Flora"]
[Date "2022.08.20"]
[Round "9"]
[Board "6"]
[White "Kastner, Oldrich"]
[Black "Mikulas, Dusan"]
[Result "1/2-1/2"]
[WhiteElo "2006"]
[BlackElo "2045"]
[PlyCount "0"]
[EventDate "2022.08.13"]
[EventRounds "9"]
[EventCountry "CZE"]

1. d4 {[%clk 1:30:54]} g6 {[%clk 1:30:22]} 2. e4 {[%clk 1:30:30]} Bg7
{[%clk 1:30:47]} 3. Bc4 {[%clk 1:29:37]} d6 {[%clk 1:30:17]} 4. Be3
{[%clk 1:26:01]} Nf6 {[%clk 1:29:41]} 5. Nc3 {[%clk 1:25:28]} O-O
{[%clk 1:28:01]} 6. f3 {[%clk 1:21:45]} Nc6 {[%clk 1:18:23]} 7. Qd2
{[%clk 1:18:36]} e5 {[%clk 1:13:01]} 8. Nge2 {[%clk 1:18:48]} exd4
{[%clk 1:01:47]} 9. Nxd4 {[%clk 1:19:07]} Bd7 {[%clk 1:00:00]} 10. O-O-O
{[%clk 1:16:34]} a6 {[%clk 0:48:43]} 11. Nxc6 {[%clk 1:02:19]} Bxc6
{[%clk 0:47:43]} 12. Bh6 {[%clk 1:00:41]} b5 {[%clk 0:46:49]} 13. Bxg7
{[%clk 0:55:28]} Kxg7 {[%clk 0:46:59]} 14. Bd5 {[%clk 0:54:49]} Bxd5
{[%clk 0:37:08]} 15. Nxd5 {[%clk 0:54:35]} Nxd5 {[%clk 0:37:15]} 16. Qxd5
{[%clk 0:53:59]} Qf6 {[%clk 0:36:16]} 17. Rhe1 {[%clk 0:50:11]} Rae8
{[%clk 0:35:54]} 18. Kb1 {[%clk 0:47:47]}  1/2-1/2

[Event "Olomouc Chess Summer 2022 - D"]
[Site "Olomouc (CZE), Hotel Flora"]
[Date "2022.08.20"]
[Round "9"]
[Board "7"]
[White "Svub, Jan"]
[Black "Kubicek, Antonin"]
[Result "0-1"]
[WhiteElo "1857"]
[BlackElo "2084"]
[PlyCount "0"]
[EventDate "2022.08.13"]
[EventRounds "9"]
[EventCountry "CZE"]

1. c4 {[%clk 1:30:53]} Nf6 {[%clk 1:30:44]} 2. Nc3 {[%clk 1:30:45]} g6
{[%clk 1:31:08]} 3. e4 {[%clk 1:28:28]} d6 {[%clk 1:31:30]} 4. d4
{[%clk 1:28:45]} Bg7 {[%clk 1:31:54]} 5. h3 {[%clk 1:28:36]} O-O {[%clk 1:31:52]}
6. Be3 {[%clk 1:28:30]} e5 {[%clk 1:31:01]} 7. d5 {[%clk 1:27:08]} Nbd7
{[%clk 1:30:01]} 8. Bd3 {[%clk 1:14:22]} Nc5 {[%clk 1:26:11]} 9. Bc2
{[%clk 1:14:40]} a5 {[%clk 1:26:18]} 10. Nge2 {[%clk 1:12:12]} h6
{[%clk 1:13:03]} 11. g4 {[%clk 1:10:18]} h5 {[%clk 1:07:44]} 12. f3
{[%clk 1:08:18]} Bd7 {[%clk 1:06:08]} 13. Qd2 {[%clk 1:07:01]} Nh7
{[%clk 1:01:17]} 14. O-O-O {[%clk 1:00:42]} h4 {[%clk 1:01:24]} 15. f4
{[%clk 0:54:09]} exf4 {[%clk 1:00:34]} 16. Bxf4 {[%clk 0:52:42]} a4
{[%clk 0:59:33]} 17. Rhf1 {[%clk 0:48:36]} Re8 {[%clk 0:58:35]} 18. Nd4
{[%clk 0:46:25]} a3 {[%clk 0:57:57]} 19. b3 {[%clk 0:45:53]} Bf6 {[%clk 0:54:56]}
20. Nf3 {[%clk 0:42:51]} Qb8 {[%clk 0:47:23]} 21. Nd4 {[%clk 0:39:51]} Re7
{[%clk 0:46:30]} 22. g5 {[%clk 0:36:50]} Bg7 {[%clk 0:43:36]} 23. Qf2
{[%clk 0:33:00]} Bxh3 {[%clk 0:41:42]} 24. Rh1 {[%clk 0:33:22]} Bg4
{[%clk 0:41:35]} 25. Qxh4 {[%clk 0:33:13]} Bh5 {[%clk 0:40:42]} 26. Nf5
{[%clk 0:29:13]} Bxc3 {[%clk 0:40:56]} 27. Nxe7+ {[%clk 0:28:20]} Kf8
{[%clk 0:41:23]} 28. Nf5 {[%clk 0:25:51]} b5 {[%clk 0:34:41]} 29. Rh3
{[%clk 0:12:54]} Bb2+ {[%clk 0:34:06]} 30. Kb1 {[%clk 0:13:18]} bxc4
{[%clk 0:33:46]} 31. Rdh1 {[%clk 0:10:18]} cxb3 {[%clk 0:30:19]} 32. Bxb3
{[%clk 0:08:10]} Ra4 {[%clk 0:12:50]} 33. Bxa4 {[%clk 0:03:32]} Bc3+
{[%clk 0:13:08]} 34. Bb3 {[%clk 0:02:51]} Nxb3 {[%clk 0:13:34]} 35. Rxc3
{[%clk 0:02:45]} Nd4+ {[%clk 0:12:47]} 36. Rb3 {[%clk 0:01:57]} Nxb3
{[%clk 0:13:13]} 37. Kc2 {[%clk 0:01:33]} Na1+ {[%clk 0:11:21]} 38. Rxa1
{[%clk 0:00:46]} Qb2+ {[%clk 0:11:44]} 39. Kd3 {[%clk 0:00:59]} Qxa1
{[%clk 0:12:08]} 40. Nd4 {[%clk 0:00:45]} Qxa2 {[%clk 0:11:57]} 41. Qe1
{[%clk 0:29:15]} Kg8 {[%clk 0:38:29]} 42. Qc1 {[%clk 0:18:12]} Nf8
{[%clk 0:36:59]} 43. Qc2 {[%clk 0:07:01]} Qa1 {[%clk 0:34:59]} 44. Qc1
{[%clk 0:05:34]} Qxc1 {[%clk 0:32:08]} 45. Bxc1 {[%clk 0:05:57]} a2
{[%clk 0:32:32]} 46. Nc2 {[%clk 0:01:40]} Nd7 {[%clk 0:30:46]} 47. Bb2
{[%clk 0:01:32]} Ne5+ {[%clk 0:29:56]} 48. Bxe5 {[%clk 0:01:11]} dxe5
{[%clk 0:30:19]} 49. Na1 {[%clk 0:00:40]} Kf8 {[%clk 0:30:08]} 50. Nc2
{[%clk 0:00:35]} Bd1 {[%clk 0:29:17]} 51. Na1 {[%clk 0:00:53]} Ke7
{[%clk 0:29:36]} 52. Kd2 {[%clk 0:01:02]} Bf3 {[%clk 0:29:55]} 53. Ke3
{[%clk 0:01:22]} Bg2 {[%clk 0:29:58]} 54. Kd3 {[%clk 0:01:27]} f6
{[%clk 0:30:05]} 55. gxf6+ {[%clk 0:01:30]} Kxf6 {[%clk 0:30:33]} 56. Ke3
{[%clk 0:01:36]} Kg5 {[%clk 0:30:48]} 57. Nc2 {[%clk 0:01:45]} Kh4
{[%clk 0:30:47]} 58. Na1 {[%clk 0:01:55]} g5 {[%clk 0:31:00]} 59. Nc2
{[%clk 0:02:09]} g4 {[%clk 0:31:12]}  0-1

[Event "Olomouc Chess Summer 2022 - D"]
[Site "Olomouc (CZE), Hotel Flora"]
[Date "2022.08.20"]
[Round "9"]
[Board "8"]
[White "Krejci, Jan"]
[Black "Molnar, Jiri"]
[Result "1-0"]
[WhiteElo "2055"]
[BlackElo "1797"]
[PlyCount "0"]
[EventDate "2022.08.13"]
[EventRounds "9"]
[EventCountry "CZE"]

1. d4 {[%clk 1:30:57]} d5 {[%clk 1:16:19]} 2. Bf4 {[%clk 1:29:27]} Nf6
{[%clk 1:13:01]} 3. c3 {[%clk 1:29:09]} Bf5 {[%clk 1:11:26]} 4. Nf3
{[%clk 1:26:10]} c6 {[%clk 1:09:23]} 5. e3 {[%clk 1:25:13]} Nbd7 {[%clk 1:08:57]}
6. Bd3 {[%clk 1:24:16]} Bxd3 {[%clk 1:06:16]} 7. Qxd3 {[%clk 1:24:39]} Ne4
{[%clk 1:06:34]} 8. O-O {[%clk 1:24:40]} Ndf6 {[%clk 1:06:51]} 9. Nbd2
{[%clk 1:24:34]} e6 {[%clk 1:06:57]} 10. a3 {[%clk 1:19:59]} a5 {[%clk 1:06:25]}
11. b4 {[%clk 1:19:17]} axb4 {[%clk 1:06:39]} 12. axb4 {[%clk 1:18:55]} Be7
{[%clk 1:06:48]} 13. b5 {[%clk 1:14:13]} O-O {[%clk 1:06:24]} 14. c4
{[%clk 1:14:11]} dxc4 {[%clk 1:01:05]} 15. Qxc4 {[%clk 1:14:30]} Qd5
{[%clk 0:55:56]} 16. Qxd5 {[%clk 0:47:34]} exd5 {[%clk 0:53:09]} 17. bxc6
{[%clk 0:46:39]} bxc6 {[%clk 0:53:19]} 18. Nxe4 {[%clk 0:46:57]} Nxe4
{[%clk 0:48:03]} 19. Ne5 {[%clk 0:45:54]} Rxa1 {[%clk 0:39:21]} 20. Rxa1
{[%clk 0:46:17]} c5 {[%clk 0:39:37]} 21. f3 {[%clk 0:40:13]} Nc3 {[%clk 0:38:39]}
22. Nd7 {[%clk 0:36:25]} Rc8 {[%clk 0:35:13]} 23. Nxc5 {[%clk 0:36:23]} g5
{[%clk 0:32:36]} 24. Be5 {[%clk 0:36:18]} f6 {[%clk 0:32:45]} 25. Bg3
{[%clk 0:36:30]} Ne2+ {[%clk 0:30:01]} 26. Kf1 {[%clk 0:34:57]} Nxg3+
{[%clk 0:29:34]} 27. hxg3 {[%clk 0:35:23]} Bd6 {[%clk 0:23:54]} 28. g4
{[%clk 0:34:44]} Bxc5 {[%clk 0:23:16]} 29. Rc1 {[%clk 0:35:04]} Re8
{[%clk 0:23:37]} 30. Rxc5 {[%clk 0:30:42]} Rxe3 {[%clk 0:23:43]} 31. Rxd5
{[%clk 0:31:05]} Kf7 {[%clk 0:23:59]} 32. Kf2 {[%clk 0:30:11]} Re7
{[%clk 0:23:55]} 33. Rd6 {[%clk 0:30:27]} h6 {[%clk 0:23:40]} 34. f4
{[%clk 0:29:10]} gxf4 {[%clk 0:23:55]} 35. Kf3 {[%clk 0:29:31]} Kg6
{[%clk 0:24:00]} 36. Kxf4 {[%clk 0:29:45]} Re2 {[%clk 0:23:45]} 37. Kf3
{[%clk 0:30:01]} Re1 {[%clk 0:23:53]} 38. Rd7 {[%clk 0:30:00]} Re8
{[%clk 0:23:01]} 39. d5 {[%clk 0:30:19]} Re5 {[%clk 0:23:05]} 40. d6
{[%clk 0:29:50]} f5 {[%clk 0:19:30]} 41. Re7 {[%clk 0:11:53]} fxg4+
{[%clk 0:17:04]} 42. Kxg4 {[%clk 0:12:10]} h5+ {[%clk 0:07:05]} 43. Kf4
{[%clk 0:09:18]} Rd5 {[%clk 0:06:56]} 44. Re6+ {[%clk 0:08:07]} Kf7
{[%clk 0:02:18]} 45. Rh6 {[%clk 0:05:53]} Kg7 {[%clk 0:01:59]} 46. Ke4
{[%clk 0:05:06]} Rd2 {[%clk 0:01:38]} 47. Re6 {[%clk 0:03:18]} Kf7
{[%clk 0:01:39]} 48. Re7+ {[%clk 0:01:03]} Kf8 {[%clk 0:01:58]} 49. Ke5
{[%clk 0:29:33]} Rxg2 {[%clk 0:32:13]} 50. Ke6 {[%clk 0:29:52]} Ra2
{[%clk 0:26:40]} 51. Rf7+ {[%clk 0:25:32]} Kg8 {[%clk 0:26:31]} 52. Rf4
{[%clk 0:24:56]} Rd2 {[%clk 0:26:39]} 53. d7 {[%clk 0:22:54]} Kg7
{[%clk 0:23:26]} 54. Rf5 {[%clk 0:22:30]}  1-0